000 00243nam a2200109Ia 4500
008 190216s9999||||xx |||||||||||||| ||und||
100 _aNarayan R K
245 4 _aThe Dark Room
260 _bOrient Paper Back
650 _aEnglish
942 _cBK
999 _c12723
_d12723